000 00569nam a2200217Ia 4500
008 101110s9999 xx 000 0 und d
041 _aMARATHI
082 _bJR5354
100 _aJoshi C.J Shreesagar R.N etc
245 _aVanijya Saghtan Va Vavstapan XII.Com
260 _c2007
_bPhadke Prakashan, Kolhapur
300 _a343
365 _b67
520 _aCommerce
546 _aMARATHI
630 _aVanijya Saghtan Va Vavstapan XII.Com
650 _aCommerce
655 _aCommerce
730 _aVanijya Saghtan Va Vavstapan XII.Com
942 _cBOOK
999 _c796149
_d796146